Manual de comunicació per a les oficines locals d'habitatge / [text: PORTAVEU, Eladi Torres] PORTAVEU, Eladi Torres]
ISBN:
978-84-9803-279-6
Publicado:
Barcelona :
Diputació de Barcelona. Àrea d'Infrastructures, Urbanisme i Habitatge. Servei de Gestió d'Habitatge ,
2008
Descripción Física:
70 p. : il. ; 30 cm
Colección:
Documents de treball. Territori ; 4
MARC
| LEADER | 00000nam a2200000Ia 4500 | ||
|---|---|---|---|
| 001 | 19942 | ||
| 008 | 160829s2008 xx 000 0 cat d | ||
| 020 | |a 978-84-9803-279-6 | ||
| 080 | |a M-5-497 | ||
| 245 | |a Manual de comunicació per a les oficines locals d'habitatge / [text: |b PORTAVEU, Eladi Torres] | ||
| 260 | |a Barcelona : |b Diputació de Barcelona. Àrea d'Infrastructures, Urbanisme i Habitatge. Servei de Gestió d'Habitatge, |c 2008 | ||
| 300 | |a 70 p. : |b il. ; |c 30 cm | ||
| 490 | |a Documents de treball. Territori ; 4 | ||
| 590 | |a Bibliografia | ||
| 650 | |a Comunicació |x Manuals, guies, etc. |9 42012 | ||
| 650 | 0 | |a Habitatge |9 10716 | |
| 700 | |a PORTAVEU |9 44187 | ||
| 700 | |a Torres, Eladi |9 44188 | ||
| 710 | 1 | |a Barcelona (Catalunya : Província). |b Servei de Gestió i Habitatge |9 56518 | |
| 901 | |a Arxiu | ||
| 942 | |n 1 | ||
| 952 | |0 0 |1 0 |4 0 |6 M5497 |7 1 |9 51832 |a Arxiu |b Arxiu |d 2016-12-01 |l 0 |o M-5-497 |p 19942 |r 2016-12-01 00:00:00 |w 2016-12-01 |y ARXIU | ||
| 999 | |c 55678 |d 55678 | ||